000 005590000a22001930004500
003 LK-CoMWRAF
005 20240503152510.0
008 230817t ||||| |||| 00| 0 eng d
040 _aLK-CoMWRAF
_dLK-CoMWRAF
_eLK-CoMWRAF
041 _aeng
082 _a323.34
_bAMN
110 _aAmnesty International
245 _aWhy are we still waiting?:
_bthe struggle for women's human rights
260 _aLondon:
_bAmnesty International
_c[1998]
300 _aunnumbered pg.
650 _aWOMEN'S HUMAN RIGHTS
650 _aViolence against women
942 _cRP
999 _c3122
_d3122